[Event "34th WCh U20 Girls"]
[Site "Bhubaneswar IND"]
[Date "2016.08.17"]
[Round "9.13"]
[White "Visanescu, Daria-Ioana"]
[Black "Uuriintuya, Uurtsaikh"]
[Result "0-1"]
[WhiteElo "2067"]
[BlackElo "2199"]
[EventDate "2016.08.08"]
[PlyCount "104"]

1.e4 c5 2.Nf3 Nc6 3.c3 Nf6 4.Bd3 d6 5.h3 g6 6.Bc2 Bg7 7.a3 O-O 8.O-O Qb6 
9.d3 a6 10.Nbd2 Rb8 11.Rb1 Qc7 12.b4 b6 13.Re1 Nh5 14.Bb2 Nf4 15.d4 e5 16.
bxc5 bxc5 17.d5 Ne7 18.Nc4 Bd7 19.a4 Nc8 20.Ba3 Nb6 21.Nfd2 Rfc8 22.Nxb6 
Rxb6 23.Rxb6 Qxb6 24.Nc4 Qc7 25.a5 Rb8 26.Nb6 Qd8 27.Qf3 Bb5 28.Kh2 Qh4 
29.Bc1 h5 30.c4 Be8 31.Qg3 Qf6 32.Qc3 h4 33.g3 Nxd5 34.Qd2 Nxb6 35.axb6 
Rxb6 36.Kg2 Bd7 37.Qa5 hxg3 38.fxg3 Qd8 39.Rd1 Qb8 40.Qd2 Be6 41.Bd3 Rb4 
42.Qe2 a5 43.h4 Qc8 44.Rh1 Bg4 45.Qf2 a4 46.Be2 Qe6 47.h5 gxh5 48.Bxg4 
Qxg4 49.Rh4 Qg6 50.Qe2 Rb3 51.g4 a3 52.g5 Rb1 0-1

[Event "34th WCh U20 Girls"]
[Site "Bhubaneswar IND"]
[Date "2016.08.17"]
[Round "9.17"]
[White "Ivanova, Karina"]
[Black "Chandreyee, Hajra"]
[Result "1-0"]
[WhiteElo "2129"]
[BlackElo "1931"]
[EventDate "2016.08.08"]
[PlyCount "67"]

1.d4 d5 2.c4 e6 3.Nf3 Nf6 4.Nc3 Be7 5.Bf4 O-O 6.e3 b6 7.cxd5 Nxd5 8.Nxd5 
Qxd5 9.a3 c5 10.dxc5 Qxc5 11.Rc1 Qa5+ 12.Qd2 Qxd2+ 13.Nxd2 Ba6 14.Be2 Bxe2
15.Kxe2 Nd7 16.Rc7 Rfd8 17.Rd1 Bf6 18.Ne4 Nc5 19.Nxf6+ gxf6 20.Rxa7 Rxa7 
21.Rxd8+ Kg7 22.Bd6 Na4 23.Bf8+ Kg6 24.Rd2 Rc7 25.Kd1 b5 26.Rc2 Rd7+ 27.
Kc1 Rd3 28.Rd2 Rxd2 29.Kxd2 Nxb2 30.Kc2 Nc4 31.Kc3 Ne5 32.Kb4 Kf5 33.Kxb5 
Nd3 34.a4 1-0

[Event "34th WCh U20 Girls"]
[Site "Bhubaneswar IND"]
[Date "2016.08.17"]
[Round "9.16"]
[White "Varshini, Velavan"]
[Black "Divya Lakshmi, R."]
[Result "1-0"]
[WhiteElo "2129"]
[BlackElo "1864"]
[EventDate "2016.08.08"]
[PlyCount "69"]

1.e4 c5 2.Nc3 d6 3.Nge2 Nf6 4.g3 Nc6 5.Bg2 g6 6.d3 Bg7 7.O-O O-O 8.f4 Rb8 
9.h3 Nd7 10.g4 b5 11.Ng3 b4 12.Nce2 a5 13.g5 Nb6 14.c3 bxc3 15.bxc3 Bd7 
16.Be3 Re8 17.Rb1 Be6 18.f5 Bd7 19.h4 Ne5 20.h5 Ba4 21.Qd2 Ng4 22.Bh3 Nxe3
23.Qxe3 Bd7 24.Kg2 gxf5 25.Bxf5 e6 26.Bh3 Qe7 27.h6 Be5 28.Nh5 d5 29.Nf6+ 
Bxf6 30.gxf6 Qf8 31.Qg5+ Kh8 32.Ng3 Bc6 33.Rxb6 Rxb6 34.Nh5 Rb2+ 35.Kg1 
1-0

[Event "34th WCh U20 Girls"]
[Site "Bhubaneswar IND"]
[Date "2016.08.17"]
[Round "9.17"]
[White "Kiolbasa, Oliwia"]
[Black "Thomas, Anysia"]
[Result "1/2-1/2"]
[WhiteElo "2319"]
[BlackElo "2049"]
[EventDate "2016.08.08"]
[PlyCount "122"]

1.e4 g6 2.d4 Bg7 3.Nc3 a6 4.a4 b6 5.Nf3 d6 6.h3 Bb7 7.Bd3 Nd7 8.O-O c5 9.
Be3 cxd4 10.Nxd4 Ngf6 11.Qd2 Nc5 12.Rfe1 O-O 13.Bh6 Nxd3 14.cxd3 e5 15.Nf3
Re8 16.Bxg7 Kxg7 17.d4 Rc8 18.Rad1 Qc7 19.Nh2 Qc4 20.d5 b5 21.axb5 axb5 
22.Ng4 Nxg4 23.hxg4 b4 24.Nb1 Qb3 25.Qe2 Qa4 26.Qe3 Rc2 27.Qb6 Bc8 28.Qxd6
Bxg4 29.Rd2 b3 30.Qb6 Rec8 31.Qe3 Rc1 32.Nc3 R8xc3 33.bxc3 Qa1 34.Rxc1 
Qxc1+ 35.Kh2 b2 36.Rxb2 Qxb2 37.Qg3 h5 38.Qxe5+ Kg8 39.Qe8+ Kg7 40.Qe5+ 
Kg8 41.Kg3 Bd7 42.Qf6 Qb8+ 43.Kh4 Qe8 44.f3 Qb8 45.Kg5 h4 46.e5 h3 47.e6 
hxg2 48.Qxf7+ Kh8 49.Qf6+ Kg8 50.Qxg6+ Kh8 51.Qf6+ Kg8 52.Qf7+ Kh8 53.Qh5+
Kg8 54.Qg4 Bxe6 55.Qxe6+ Kf8 56.Qf6+ Kg8 57.Qg6+ Kf8 58.Qf6+ Kg8 59.Qe6+ 
Kf8 60.Qf6+ Kg8 61.Qg6+ Kf8 1/2-1/2

[Event "34th WCh U20 Girls"]
[Site "Bhubaneswar IND"]
[Date "2016.08.17"]
[Round "9.18"]
[White "Priyanka, Nutakki"]
[Black "Du Yuxin"]
[Result "0-1"]
[WhiteElo "2234"]
[BlackElo "1957"]
[EventDate "2016.08.08"]
[PlyCount "134"]

1.d4 Nf6 2.c4 e6 3.Nf3 b6 4.g3 Bb7 5.Bg2 Be7 6.O-O O-O 7.Nc3 Ne4 8.Qc2 
Nxc3 9.Qxc3 Be4 10.Bf4 d6 11.Rfd1 Nd7 12.Nd2 Bxg2 13.Kxg2 f5 14.h4 Nf6 15.
Nf3 h6 16.Rh1 Qe8 17.Rad1 Qg6 18.Qc1 Nh5 19.Rdg1 Nxf4+ 20.Qxf4 Qg4 21.Qd2 
Qe4 22.Rc1 c5 23.Kh2 Rab8 24.Rhd1 f4 25.Qd3 fxg3+ 26.fxg3 Qg4 27.Rf1 Rbd8 
28.d5 Bf6 29.b3 Rfe8 30.e4 exd5 31.exd5 Be5 32.Nxe5 Rxe5 33.Rce1 Rde8 34.
Rxe5 Rxe5 35.Rf2 a6 36.Kg2 Re1 37.Qf3 Qxf3+ 38.Kxf3 b5 39.Rc2 Kf7 40.Kf2 
Rd1 41.Kf3 Rd4 42.Ke3 bxc4 43.Rxc4 Rxd5 44.Ra4 Re5+ 45.Kf3 Rf5+ 46.Ke3 Ke6
47.Rxa6 g5 48.Ra4 h5 49.hxg5 Rxg5 50.Kf3 d5 51.Ra6+ Ke5 52.Rc6 Kd4 53.a4 
Rg8 54.a5 Ra8 55.a6 Rb8 56.a7 Rxb3+ 57.Kf4 Ra3 58.Rc7 c4 59.Kf5 c3 60.Ke6 
Ra6+ 61.Kf5 Kd3 62.Ke5 c2 63.Kxd5 Kd2 64.Ke5 c1=Q 65.Rxc1 Kxc1 66.Kf5 Rxa7
67.Kg6 Ra5 0-1

[Event "34th WCh U20 Girls"]
[Site "Bhubaneswar IND"]
[Date "2016.08.17"]
[Round "9.19"]
[White "Eswaran, Ashritha"]
[Black "Yanjinlkham, Bayarsaikhan"]
[Result "1-0"]
[WhiteElo "2226"]
[BlackElo "1990"]
[EventDate "2016.08.08"]
[PlyCount "78"]

1.e4 c5 2.Nf3 d6 3.d4 cxd4 4.Nxd4 Nf6 5.Nc3 a6 6.Qf3 e5 7.Nf5 b5 8.Bg5 h6 
9.Bxf6 Qxf6 10.Nd5 Qd8 11.Qc3 Ra7 12.a4 b4 13.Qxb4 Bxf5 14.exf5 Be7 15.
Nxe7 Kxe7 16.O-O-O Re8 17.g4 Nc6 18.Qe4 Qb6 19.Bg2 Rc7 20.Rhe1 Nb4 21.c3 
Rb8 22.Kd2 Na2 23.Rb1 Qxf2+ 24.Re2 Qc5 25.Ke1 Nxc3 26.bxc3 Rxb1+ 27.Qxb1 
Qxc3+ 28.Kf1 Rc4 29.Re4 Rc7 30.Rb4 Rc4 31.Rb7+ Kf6 32.Bd5 Qh3+ 33.Kg1 Qe3+
34.Kg2 Qd2+ 35.Kg3 Qxd5 36.Qb6 Qd3+ 37.Kh4 Rc8 38.Rd7 g5+ 39.fxg6 Ke6 1-0

[Event "34th WCh U20 Girls"]
[Site "Bhubaneswar IND"]
[Date "2016.08.17"]
[Round "9.20"]
[White "Gomez Barrera, Javiera Belen"]
[Black "Hiebler, Laura"]
[Result "1-0"]
[WhiteElo "2055"]
[BlackElo "2110"]
[EventDate "2016.08.08"]
[PlyCount "53"]

1.e4 e6 2.d4 d5 3.Nc3 Nf6 4.e5 Nfd7 5.Nce2 c5 6.f4 Nc6 7.c3 b6 8.Nf3 Ba6 
9.a3 Qc7 10.f5 Nd8 11.Nf4 Bxf1 12.Rxf1 Be7 13.fxe6 fxe6 14.Ng5 Nf8 15.Qh5+
Kd7 16.Nf7 Nxf7 17.Qxf7 cxd4 18.cxd4 Qc2 19.Rf2 Qe4+ 20.Re2 Qxd4 21.Be3 
Qxe5 22.Nxd5 exd5 23.Bf4 Qf6 24.Qxd5+ Ke8 25.Bg5 Rd8 26.Qb5+ Kf7 27.Bxf6 
1-0

[Event "34th WCh U20 Girls"]
[Site "Bhubaneswar IND"]
[Date "2016.08.17"]
[Round "9.21"]
[White "Lasya, Goli"]
[Black "Ayinala, Shree"]
[Result "1-0"]
[WhiteElo "2084"]
[BlackElo "1464"]
[EventDate "2016.08.08"]
[PlyCount "93"]

1.e4 c5 2.Nf3 d6 3.c3 Nf6 4.Be2 g6 5.O-O Bg7 6.Bb5+ Bd7 7.Bxd7+ Qxd7 8.Re1
O-O 9.d4 cxd4 10.cxd4 Rd8 11.Nc3 Nc6 12.Qe2 e5 13.Bg5 Re8 14.dxe5 dxe5 15.
Bxf6 Bxf6 16.Nd5 Bg7 17.Rac1 Rac8 18.Qb5 Rcd8 19.h3 Nd4 20.Qd3 Ne6 21.Qa3 
b6 22.Red1 Nd4 23.Rc7 Qd6 24.Qxd6 Rxd6 25.Rxa7 f5 26.Nc3 Red8 27.Re1 Nc2 
28.Rf1 Nd4 29.Rb7 Ne6 30.exf5 Nc5 31.Ra7 gxf5 32.Nh4 Rf8 33.Rd1 Rxd1+ 34.
Nxd1 f4 35.b4 Nd3 36.a3 e4 37.Rd7 Ne5 38.Rd6 Nc4 39.Rd5 e3 40.Kf1 Nxa3 41.
fxe3 fxe3+ 42.Ke2 Nc2 43.Nxe3 Re8 44.Nf5 Nxb4 45.Rd7 Bf6 46.Nh6+ Kf8 47.
Rf7# 1-0

[Event "34th WCh U20 Girls"]
[Site "Bhubaneswar IND"]
[Date "2016.08.17"]
[Round "9.22"]
[White "Monnisha, Gajendra Babu Kannaiyan"]
[Black "Santeramo, Alessia"]
[Result "1-0"]
[WhiteElo "2101"]
[BlackElo "2137"]
[EventDate "2016.08.08"]
[PlyCount "69"]

1.e4 e5 2.Nf3 Nc6 3.Bb5 a6 4.Ba4 Nf6 5.O-O Be7 6.Re1 b5 7.Bb3 d6 8.c3 O-O 
9.d3 Na5 10.Bc2 c5 11.Nbd2 Re8 12.Nf1 Nc6 13.h3 h6 14.Ne3 Bf8 15.Nh2 Be6 
16.Qf3 Ne7 17.Nhg4 Nxg4 18.hxg4 Ng6 19.Nf5 Be7 20.g3 Rf8 21.Kg2 Bg5 22.Rh1
Bxc1 23.Raxc1 Qg5 24.Rcd1 Bxf5 25.exf5 e4 26.dxe4 Ne5 27.Qe2 Qxg4 28.f3 
Qg5 29.f4 Qg4 30.Qf2 g5 31.fxe5 h5 32.exd6 h4 33.Qf3 Qxf3+ 34.Kxf3 g4+ 35.
Kxg4 1-0

[Event "34th WCh U20 Girls"]
[Site "Bhubaneswar IND"]
[Date "2016.08.17"]
[Round "9.23"]
[White "Hoare, Amy"]
[Black "Albekova, Dilyara"]
[Result "1-0"]
[WhiteElo "2017"]
[BlackElo "1732"]
[EventDate "2016.08.08"]
[PlyCount "81"]

1.e4 d5 2.exd5 Nf6 3.Nf3 Nxd5 4.d4 g6 5.c4 Nb6 6.Nc3 Bg7 7.c5 Nd5 8.Bc4 
Nxc3 9.bxc3 O-O 10.O-O Nc6 11.Re1 e5 12.Bg5 Qd7 13.d5 Na5 14.Bf1 h6 15.Bc1
Rd8 16.c4 Qe7 17.Qa4 b6 18.Ba3 Qf6 19.Bb2 Qe7 20.c6 e4 21.Qc2 Bxb2 22.Qxb2
Bf5 23.Nd2 Re8 24.Re3 Qe5 25.Qxe5 Rxe5 26.f3 Rae8 27.Rae1 b5 28.cxb5 Rxd5 
29.Nxe4 Bxe4 30.Rxe4 Rxe4 31.Rxe4 Rd1 32.Ra4 Nxc6 33.bxc6 Rc1 34.Rc4 Rxc4 
35.Bxc4 Kf8 36.Kf2 Ke7 37.Ke3 f6 38.Kd4 Kd6 39.Bd5 g5 40.g3 f5 41.f4 1-0

[Event "34th WCh U20 Girls"]
[Site "Bhubaneswar IND"]
[Date "2016.08.17"]
[Round "9.24"]
[White "Leonardi, Caterina"]
[Black "Vantika, Agrawal"]
[Result "0-1"]
[WhiteElo "2061"]
[BlackElo "1974"]
[EventDate "2016.08.08"]
[PlyCount "112"]

1.d4 Nf6 2.c4 g6 3.Nc3 Bg7 4.e4 d6 5.f4 O-O 6.Nf3 c5 7.d5 e6 8.dxe6 fxe6 
9.Bd3 Nc6 10.O-O Nd4 11.Nxd4 cxd4 12.Nb5 Ne8 13.Qb3 a6 14.Na3 Nf6 15.Nc2 
Nd7 16.Qa3 Nc5 17.b4 Nxd3 18.Qxd3 e5 19.Bd2 Be6 20.f5 gxf5 21.exf5 Bd7 22.
Rae1 Qf6 23.g4 Qh4 24.Re4 d5 25.cxd5 Bb5 26.Qf3 Bxf1 27.Qxf1 Qd8 28.Qc4 b5
29.Qb3 Qd6 30.Ne1 Rac8 31.Re2 Rc4 32.Qf3 Rd8 33.Bg5 Rd7 34.f6 Rf7 35.Rf2 
h6 36.Bh4 Qxb4 37.Qd1 Bf8 38.Nd3 Qa3 39.Qe2 Rc3 40.Qe4 Rxd3 41.Qg6+ Bg7 
42.fxg7 Rdf3 43.Qxh6 Rxg7 44.Qe6+ Kh7 45.d6 Rxf2 46.Bxf2 Qc1+ 47.Kg2 Qc6+ 
48.Kg3 Qd7 49.Qxd7 Rxd7 50.Kf3 Rxd6 51.Ke2 e4 52.h4 e3 53.Be1 d3+ 54.Kxe3 
Re6+ 55.Kd2 Re2+ 56.Kd1 Rxa2 0-1

[Event "34th WCh U20 Girls"]
[Site "Bhubaneswar IND"]
[Date "2016.08.17"]
[Round "9.25"]
[White "Choladze, Mariami"]
[Black "Sapale, Saloni"]
[Result "1/2-1/2"]
[WhiteElo "2077"]
[BlackElo "2080"]
[EventDate "2016.08.08"]
[PlyCount "91"]

1.e4 e6 2.d4 d5 3.Nd2 Nf6 4.e5 Nfd7 5.Bd3 c5 6.c3 Nc6 7.Ne2 cxd4 8.cxd4 f6
9.exf6 Nxf6 10.O-O Bd6 11.Nf3 Qc7 12.Bg5 O-O 13.Bh4 Nh5 14.Qc2 h6 15.Bh7+ 
Kh8 16.Bg6 Nf4 17.Nxf4 Bxf4 18.Bg3 Qd6 19.Rad1 Bd7 20.Qe2 e5 21.Bh5 e4 22.
Nh4 Ne7 23.Bxf4 Rxf4 24.g3 Rf6 25.Rfe1 g5 26.Ng2 Raf8 27.Rd2 Nc6 28.Qe3 g4
29.Nf4 Rxf4 30.gxf4 Rxf4 31.Qg3 Qf6 32.Re3 Ne7 33.Kh1 Nc6 34.h3 Qg5 35.Rd1
Ne7 36.Bxg4 Bxg4 37.hxg4 Nf5 38.gxf5 Rh4+ 39.Kg2 Rg4 40.Rh1 Kh7 41.Kf1 
Rxg3 42.Rxg3 Qxf5 43.Rgh3 Qf6 44.Kg2 Qg7+ 45.Kf1 Qf6 46.Kg2 1/2-1/2

[Event "34th WCh U20 Girls"]
[Site "Bhubaneswar IND"]
[Date "2016.08.17"]
[Round "9.26"]
[White "Kakulidis, Ellen"]
[Black "Gamage, Nethmi Nirasha"]
[Result "1-0"]
[WhiteElo "1989"]
[BlackElo "1559"]
[EventDate "2016.08.08"]
[PlyCount "57"]

1.d4 Nf6 2.c4 e6 3.Nf3 c5 4.d5 d6 5.Nc3 exd5 6.cxd5 g6 7.Bf4 a6 8.a4 b6 9.
h3 Bb7 10.e4 Bg7 11.Be2 O-O 12.O-O Re8 13.Nd2 Qc7 14.Qc2 Qe7 15.Bf3 Nfd7 
16.Nc4 Ne5 17.Bxe5 Bxe5 18.Nxb6 Ra7 19.Rfe1 Nd7 20.Nc4 Qg5 21.Nxe5 Nxe5 
22.Be2 Bc8 23.Qc1 Qh4 24.f4 Bxh3 25.fxe5 Bxg2 26.Kxg2 Rxe5 27.Bf3 Rg5+ 28.
Kf1 Qh2 29.Qxg5 1-0

[Event "34th WCh U20 Girls"]
[Site "Bhubaneswar IND"]
[Date "2016.08.17"]
[Round "9.27"]
[White "Omurbekova, Diana"]
[Black "Barbier, Astrid"]
[Result "0-1"]
[WhiteElo "1886"]
[BlackElo "1853"]
[EventDate "2016.08.08"]
[PlyCount "66"]

1.e4 c5 2.Nf3 g6 3.d3 Bg7 4.g3 d6 5.Bg2 Nc6 6.c3 e5 7.a3 Nge7 8.b4 a6 9.
Be3 b6 10.Nbd2 O-O 11.O-O h6 12.Ne1 Be6 13.Rc1 Kh7 14.f4 Rc8 15.f5 gxf5 
16.exf5 Bxf5 17.Rxf5 Nxf5 18.Be4 Ne7 19.Qh5 Qd7 20.g4 d5 21.Bxf5+ Nxf5 22.
gxf5 d4 23.cxd4 cxd4 24.Rxc8 dxe3 25.Rc2 exd2 26.Rxd2 e4 27.Qh3 Bc3 28.Rg2
Qd4+ 29.Kf1 Bxe1 30.Kxe1 exd3 31.Kd2 Qb2+ 32.Ke3 Re8+ 33.Kf3 d2 0-1

[Event "34th WCh U20 Girls"]
[Site "Bhubaneswar IND"]
[Date "2016.08.18"]
[Round "10.1"]
[White "Bivol, Alina"]
[Black "Rodriguez Rueda, Paula Andrea"]
[Result "1/2-1/2"]
[WhiteElo "2362"]
[BlackElo "2321"]
[EventDate "2016.08.08"]
[PlyCount "106"]

1.Nf3 Nf6 2.g3 d5 3.Bg2 c6 4.O-O Bg4 5.d3 Nbd7 6.h3 Bh5 7.Qe1 e5 8.e4 dxe4
9.dxe4 Qc7 10.a4 Be7 11.Nh4 O-O 12.Nf5 Nc5 13.Nd2 Rfe8 14.Nc4 Bf8 15.Bd2 
Nfd7 16.Bb4 Rad8 17.Qe3 f6 18.Qc3 Kh8 19.a5 b5 20.axb6 axb6 21.Nxb6 Qxb6 
22.Ba5 Qb7 23.Bxd8 Rxd8 24.g4 Bg6 25.Rfd1 Rb8 26.b3 Ne6 27.Qc4 Nf4 28.Qa6 
Nxg2 29.Qxb7 Rxb7 30.Ra8 Kg8 31.Kxg2 Kf7 32.Rc8 Bxf5 33.exf5 c5 34.Kf3 Be7
35.Rd2 Nb8 36.Kg2 Na6 37.Rc6 Nb4 38.Rc8 g6 39.fxg6+ hxg6 40.h4 f5 41.h5 
gxh5 42.gxh5 Rb6 43.c3 Na6 44.Rd5 Ke6 45.Rd1 Kf7 46.Rd5 Ke6 47.Rd1 Kf7 48.
Rh1 Rh6 49.Kf3 Bd6 50.Rd1 Be7 51.Rh1 Bd6 52.Rd1 Be7 53.Ra1 Ke6 1/2-1/2

[Event "34th WCh U20 Girls"]
[Site "Bhubaneswar IND"]
[Date "2016.08.18"]
[Round "10.2"]
[White "Frayna, Janelle Mae"]
[Black "Michelle Catherina"]
[Result "1-0"]
[WhiteElo "2292"]
[BlackElo "2205"]
[EventDate "2016.08.08"]
[PlyCount "109"]

1.d4 Nf6 2.c4 e6 3.g3 d5 4.Nf3 Bb4+ 5.Bd2 Be7 6.Bg2 O-O 7.Qc2 c6 8.O-O 
Nbd7 9.Bf4 b6 10.Rd1 Bb7 11.Ne5 Rc8 12.Nc3 a6 13.e4 b5 14.exd5 cxd5 15.
Nxd7 Qxd7 16.c5 Nh5 17.Be3 g6 18.b4 Ng7 19.a4 Bc6 20.axb5 axb5 21.Ra5 Bd8 
22.Ra3 Nf5 23.Qd3 Bf6 24.Bh3 Nxe3 25.fxe3 Ra8 26.Rda1 Qb7 27.Bf1 Rxa3 28.
Rxa3 Rb8 29.Ra5 Bd8 30.Ra3 Bf6 31.Ra5 Bd8 32.Ra2 Kg7 33.Qd1 Bg5 34.Kf2 Qc8
35.Ra7 Ra8 36.Rxa8 Qxa8 37.Bxb5 Bxb5 38.Nxb5 Qa2+ 39.Qe2 Qb1 40.c6 Qf5+ 
41.Kg2 Qe4+ 42.Kh3 Qb1 43.c7 Qc1 44.Nd6 Qc6 45.c8=Q Qxd6 46.b5 Bd8 47.Qc6 
Qb4 48.Qd7 Bf6 49.Qc6 Bd8 50.Qd7 Bf6 51.Qc7 h5 52.b6 Qb1 53.Kg2 h4 54.gxh4
Qe4+ 55.Qf3 1-0

[Event "34th WCh U20 Girls"]
[Site "Bhubaneswar IND"]
[Date "2016.08.18"]
[Round "10.3"]
[White "Tokhiryonova, Gulrukhbegim"]
[Black "Saduakasova, Dinara"]
[Result "1/2-1/2"]
[WhiteElo "2328"]
[BlackElo "2423"]
[EventDate "2016.08.08"]
[PlyCount "131"]

1.e4 c5 2.Nf3 e6 3.d4 cxd4 4.Nxd4 Nc6 5.Nc3 d6 6.Be2 Nf6 7.Be3 Be7 8.O-O 
O-O 9.f4 Bd7 10.Nb3 Rc8 11.Kh1 a6 12.a4 Nb4 13.Bf3 e5 14.Qd2 Be6 15.a5 
exf4 16.Bxf4 d5 17.exd5 Nfxd5 18.Nxd5 Bxd5 19.Bxd5 Rxc2 20.Bxf7+ Rxf7 21.
Qxd8+ Bxd8 22.Rad1 Nc6 23.Nd2 Bxa5 24.Ne4 Bb4 25.b3 Re2 26.Ng5 Rf8 27.g3 
h6 28.Nf3 Rb2 29.Rd3 g5 30.Bc1 Rb1 31.Rfd1 Na5 32.Nd4 Rd8 33.Kg2 Bc5 34.
Ne2 Rxd3 35.Rxd3 Rxb3 36.Rd8+ Kf7 37.Rd5 b6 38.h4 gxh4 39.gxh4 Be3 40.Rd7+
Ke6 41.Ra7 Bxc1 42.Nxc1 Rb2+ 43.Kf3 Nb3 44.Nd3 Ra2 45.Rh7 Nd4+ 46.Kg4 Nf5 
47.Rh8 Rg2+ 48.Kh5 Kf7 49.Rb8 b5 50.Rb7+ Kg8 51.Nc5 Rg7 52.Rxg7+ Nxg7+ 53.
Kxh6 a5 54.Kg6 a4 55.Kf6 a3 56.Ke5 Kf7 57.Nb3 Ne6 58.h5 a2 59.Kd5 Nf4+ 60.
Kc5 Ne2 61.Na1 Kg7 62.Kxb5 Kh6 63.Kb4 Kxh5 64.Kb3 Nc1+ 65.Kb2 Nd3+ 66.Kxa2
1/2-1/2

[Event "34th WCh U20 Girls"]
[Site "Bhubaneswar IND"]
[Date "2016.08.18"]
[Round "10.4"]
[White "Vaishali, Ramesh Babu"]
[Black "Dordzhieva, Dinara"]
[Result "1-0"]
[WhiteElo "2284"]
[BlackElo "2304"]
[EventDate "2016.08.08"]
[PlyCount "135"]

1.e4 c5 2.Nf3 e6 3.d4 cxd4 4.Nxd4 Nf6 5.Nc3 d6 6.Be2 Be7 7.O-O O-O 8.Be3 
Nc6 9.f4 Qc7 10.Kh1 Nxd4 11.Qxd4 a6 12.a4 Bd7 13.e5 Ne8 14.Qb4 Bc6 15.Bb6 
dxe5 16.Qa5 Qc8 17.fxe5 f5 18.Rf4 g6 19.Rc4 Qb8 20.Rd1 Ng7 21.Bc7 Qe8 22.
Bd6 Rc8 23.Qb4 Rf7 24.Kg1 Bg5 25.Qc5 Bd7 26.Qb6 Rxc4 27.Bxc4 Bc6 28.b4 
Bxa4 29.Nxa4 Qxa4 30.Bc5 Qe8 31.Rd3 Rd7 32.b5 Rxd3 33.Bxd3 axb5 34.Qxb7 
Bf4 35.Bd6 b4 36.Qxb4 Be3+ 37.Kf1 Qa8 38.c4 Qa1+ 39.Ke2 Ba7 40.c5 Qa2+ 41.
Kf1 Qd5 42.Qc4 Qb7 43.Qb5 Qd5 44.Qc4 Qb7 45.h3 h6 46.Bc2 Qb2 47.Kg1 Qc1+ 
48.Kh2 Qe3 49.Bd1 Kh7 50.Bf3 Ne8 51.Qa4 Bxc5 52.Bxc5 Qxc5 53.Qxe8 Qxe5+ 
54.Kg1 Qd4+ 55.Kh1 Qa1+ 56.Kh2 Qe5+ 57.g3 Kg7 58.Qd7+ Kf6 59.Qd2 Kg7 60.h4
Qc5 61.Bd1 Qb5 62.h5 gxh5 63.Bxh5 Qb7 64.Qd4+ Kh7 65.Qf6 Qg7 66.Qxe6 Qg5 
67.Qf7+ Kh8 68.Bg6 1-0

[Event "34th WCh U20 Girls"]
[Site "Bhubaneswar IND"]
[Date "2016.08.18"]
[Round "10.5"]
[White "Buksa, Natalia"]
[Black "Gu Tianlu"]
[Result "1-0"]
[WhiteElo "2261"]
[BlackElo "2239"]
[EventDate "2016.08.08"]
[PlyCount "63"]

1.e4 e5 2.Nf3 Nc6 3.Bb5 a6 4.Ba4 Nf6 5.O-O b5 6.Bb3 Bc5 7.a4 Rb8 8.c3 d6 
9.d4 Bb6 10.axb5 axb5 11.Na3 Bg4 12.Nxb5 Bxf3 13.gxf3 O-O 14.Bc2 Bxd4 15.
Nxd4 exd4 16.cxd4 Nh5 17.d5 Nb4 18.Bb1 Qf6 19.Ra3 c6 20.Qd2 cxd5 21.exd5 
Qe5 22.Ra4 Nxd5 23.Re1 Ndf4 24.Rxe5 dxe5 25.Qc2 g6 26.Ra7 Rbd8 27.Ba2 Rd6 
28.Bxf4 Nxf4 29.h4 h5 30.b4 g5 31.Qf5 gxh4 32.Bxf7+ 1-0

[Event "34th WCh U20 Girls"]
[Site "Bhubaneswar IND"]
[Date "2016.08.18"]
[Round "10.6"]
[White "Mahalakshmi, Muganda Kumar"]
[Black "Nandhidhaa, Venkatachalam"]
[Result "0-1"]
[WhiteElo "2101"]
[BlackElo "2151"]
[EventDate "2016.08.08"]
[PlyCount "66"]

1.d4 d5 2.c4 e6 3.Nc3 Nf6 4.cxd5 exd5 5.Bg5 c6 6.e3 Be7 7.Qc2 Nbd7 8.Bd3 
O-O 9.Nge2 Re8 10.O-O Nf8 11.f3 g6 12.Rad1 Ne6 13.Bh4 b6 14.Kh1 Bb7 15.h3 
Nh5 16.Bxe7 Rxe7 17.g4 Nhg7 18.Ng3 c5 19.dxc5 Nxc5 20.b4 Qd6 21.Kg2 Nd7 
22.Be4 Nf6 23.g5 Rc8 24.Qb3 Ngh5 25.Nce2 Nxe4 26.fxe4 Qe5 27.Nxh5 Qxe4+ 
28.Rf3 gxh5 29.Nc3 Rxc3 30.Qxc3 d4 31.exd4 Qe2+ 32.Kg3 h4+ 33.Kxh4 Bxf3 
0-1

[Event "34th WCh U20 Girls"]
[Site "Bhubaneswar IND"]
[Date "2016.08.18"]
[Round "10.7"]
[White "Injac, Teodora"]
[Black "Alinasab, Mobina"]
[Result "1/2-1/2"]
[WhiteElo "2252"]
[BlackElo "2199"]
[EventDate "2016.08.08"]
[PlyCount "97"]

1.Nf3 Nf6 2.c4 e6 3.Nc3 b6 4.a3 c5 5.e3 Bb7 6.d4 cxd4 7.exd4 d6 8.d5 e5 9.
g3 a6 10.Bg2 Nbd7 11.O-O Rc8 12.Qe2 Qc7 13.Nd2 Be7 14.Bh3 O-O 15.Rd1 Rfe8 
16.b3 b5 17.Bb2 bxc4 18.Nxc4 Rb8 19.b4 Nb6 20.Na5 Nbxd5 21.Na4 Bc6 22.Rac1
Bb5 23.Qf3 Qa7 24.Nc6 Qb7 25.Nxe7+ Rxe7 26.Qb3 Rc7 27.Rxc7 Qxc7 28.Rc1 Qb7
29.Nc3 Nxc3 30.Qxc3 Ne4 31.Qe3 Re8 32.Rd1 d5 33.Bg2 Bc6 34.Bxe4 dxe4 35.
Qc5 f6 36.Qc4+ Kh8 37.Qc5 Rc8 38.Rc1 Bd7 39.Qd6 Rxc1+ 40.Bxc1 Qc8 41.Be3 
h6 42.h4 Bb5 43.Bxh6 gxh6 44.Qxf6+ Kg8 45.Qg6+ Kf8 46.Qf6+ Kg8 47.Qg6+ Kf8
48.Qf6+ Kg8 49.Qg6+ 1/2-1/2

[Event "34th WCh U20 Girls"]
[Site "Bhubaneswar IND"]
[Date "2016.08.18"]
[Round "10.8"]
[White "Uuriintuya, Uurtsaikh"]
[Black "Salonika, Saina"]
[Result "1-0"]
[WhiteElo "2199"]
[BlackElo "2131"]
[EventDate "2016.08.08"]
[PlyCount "55"]

1.e4 c5 2.Nf3 d6 3.d4 cxd4 4.Nxd4 Nf6 5.Nc3 g6 6.Be3 Bg7 7.f3 O-O 8.Qd2 
Nc6 9.O-O-O d5 10.exd5 Nxd5 11.Nxc6 bxc6 12.Bd4 Nxc3 13.Qxc3 Bh6+ 14.Be3 
Bxe3+ 15.Qxe3 Qa5 16.Bc4 Ba6 17.Bb3 e6 18.h4 Rfd8 19.h5 Rxd1+ 20.Kxd1 Qb4 
21.Kc1 Rd8 22.hxg6 hxg6 23.c3 Qd6 24.Qg5 Kg7 25.Rd1 Bd3 26.Bc2 f6 27.Qe3 
Qg3 28.Bxd3 1-0

[Event "34th WCh U20 Girls"]
[Site "Bhubaneswar IND"]
[Date "2016.08.18"]
[Round "10.9"]
[White "Varshini, Velavan"]
[Black "Stiazhkina, Anna"]
[Result "1-0"]
[WhiteElo "2129"]
[BlackElo "2315"]
[EventDate "2016.08.08"]
[PlyCount "87"]

1.e4 e5 2.Nf3 Nc6 3.Bb5 g6 4.c3 Bg7 5.d4 exd4 6.cxd4 a6 7.Be2 d5 8.e5 f6 
9.exf6 Nxf6 10.Nc3 O-O 11.O-O Qd6 12.h3 Bf5 13.Be3 Rae8 14.Rc1 b5 15.Bd3 
Bxd3 16.Qxd3 Ne4 17.Nxe4 dxe4 18.Qb3+ Kh8 19.Ng5 Nd8 20.Qc2 Qe7 21.h4 c6 
22.d5 cxd5 23.Bc5 Qe5 24.Bxf8 Rxf8 25.Qc7 Qxc7 26.Rxc7 h6 27.Nh3 Ne6 28.
Rc6 Nd4 29.Rxg6 Kh7 30.h5 Ne2+ 31.Kh2 Bxb2 32.Re1 Be5+ 33.g3 Nc3 34.Re6 
Rf5 35.Kg2 Bg7 36.Nf4 Nxa2 37.Rxa6 Nc3 38.f3 b4 39.Rb6 Bf8 40.fxe4 dxe4 
41.Ne6 Be7 42.Rb7 Rf7 43.Rf1 Kg8 44.Rb8+ 1-0

[Event "34th WCh U20 Girls"]
[Site "Bhubaneswar IND"]
[Date "2016.08.18"]
[Round "10.10"]
[White "Ivanova, Karina"]
[Black "Blagojevic, Tijana"]
[Result "1-0"]
[WhiteElo "2129"]
[BlackElo "2267"]
[EventDate "2016.08.08"]
[PlyCount "115"]

1.d4 d5 2.c4 c6 3.cxd5 cxd5 4.Nc3 Nf6 5.Bf4 Nc6 6.e3 Bg4 7.Qb3 Na5 8.Qa4+ 
Bd7 9.Qc2 e6 10.Bd3 Nc6 11.a3 Nh5 12.Bg3 g6 13.Nf3 Nxg3 14.hxg3 Bg7 15.b4 
Rc8 16.Qb3 O-O 17.O-O e5 18.dxe5 Nxe5 19.Nxe5 Bxe5 20.Rac1 Be6 21.Ne2 d4 
22.Rxc8 Bxb3 23.Rxd8 Rxd8 24.e4 Bc7 25.Rb1 Ba2 26.Ra1 Be6 27.Rc1 Bb6 28.
Nf4 Rc8 29.Rxc8+ Bxc8 30.Bc4 Kf8 31.Kf1 a5 32.Ke2 axb4 33.axb4 g5 34.Nd5 
Ba7 35.Nf6 h6 36.Kd3 Bb8 37.Nd5 Ba7 38.b5 Bc5 39.f4 Be6 40.Nf6 Kg7 41.Ne8+
Kf8 42.Nc7 Bd7 43.f5 Bd6 44.Nd5 Bxg3 45.Kxd4 Bf2+ 46.Ke5 Bg3+ 47.Kf6 Bf2 
48.Ke5 Bg3+ 49.Kd4 Bf2+ 50.Kd3 Kg7 51.g4 f6 52.Kc3 Be1+ 53.Kb3 Be8 54.Nc7 
Bd7 55.Be2 Bg3 56.Nd5 Be8 57.Kb4 Bf7 58.Kc5 1-0

[Event "34th WCh U20 Girls"]
[Site "Bhubaneswar IND"]
[Date "2016.08.18"]
[Round "10.11"]
[White "Srija, Seshadri"]
[Black "Parnali, S. Dharia"]
[Result "0-1"]
[WhiteElo "2102"]
[BlackElo "2203"]
[EventDate "2016.08.08"]
[PlyCount "64"]

1.e4 e5 2.Nf3 Nc6 3.Bb5 a6 4.Ba4 Nf6 5.O-O b5 6.Bb3 Bc5 7.c3 d6 8.a4 Rb8 
9.d4 Bb6 10.axb5 axb5 11.Qd3 O-O 12.Bg5 h6 13.Bxf6 Qxf6 14.Qxb5 Na7 15.Qd3
exd4 16.cxd4 Nc6 17.Ra4 Nxd4 18.Rxd4 Bxd4 19.Nxd4 Ba6 20.Bc4 Bxc4 21.Qxc4 
Rxb2 22.Nc3 c5 23.Ndb5 Rb8 24.Nd5 Qe5 25.Na7 Re8 26.Nc7 Qxe4 27.Qa6 Qe2 
28.Qa1 Re4 29.Nc6 Rf4 30.Ne6 fxe6 31.Qa8+ Kh7 32.Ne7 Qxf2+ 0-1

[Event "34th WCh U20 Girls"]
[Site "Bhubaneswar IND"]
[Date "2016.08.18"]
[Round "10.12"]
[White "Harshita, Guddanti"]
[Black "Priyanka, K."]
[Result "1/2-1/2"]
[WhiteElo "2180"]
[BlackElo "2048"]
[EventDate "2016.08.08"]
[PlyCount "114"]

1.e4 c5 2.Nf3 d6 3.d4 cxd4 4.Nxd4 Nf6 5.Nc3 a6 6.Be2 e5 7.Nb3 Be7 8.Be3 
Be6 9.Qd3 Nbd7 10.Nd5 Bxd5 11.exd5 Qc7 12.c4 Rc8 13.O-O O-O 14.Rac1 Ne8 
15.Bg4 Nef6 16.Bh3 Rcd8 17.Nd2 Nc5 18.Qa3 a5 19.Bxc5 dxc5 20.Rfe1 Bd6 21.
g3 h6 22.Qd3 g6 23.Nb1 Nh7 24.Nc3 Rfe8 25.Bg2 f5 26.Nb5 Qb6 27.Qd2 Ng5 28.
Nxd6 Qxd6 29.Qxa5 e4 30.Qd2 Nf7 31.Bf1 g5 32.b4 Ne5 33.Be2 b6 34.bxc5 bxc5
35.Kh1 Ra8 36.Rb1 Ra3 37.Rb2 Nd7 38.Bf1 f4 39.gxf4 gxf4 40.Rb3 Rxb3 41.
axb3 Qe5 42.Bh3 Nf6 43.d6 Rd8 44.d7 Kf7 45.Qa5 Ke7 46.b4 Nxd7 47.Bxd7 Rxd7
48.Qa8 e3 49.fxe3 fxe3 50.Qf3 Kd8 51.bxc5 Rd2 52.Qa8+ Ke7 53.Qb7+ Ke8 54.
Qa8+ Ke7 55.Qb7+ Ke8 56.Qa8+ Ke7 57.Qb7+ Ke8 1/2-1/2